Applied law and ethics in health care / Wendy Mia Pardew. (Record no. 20312)

000 -LEADER
fixed length control field 02323cam a2200193Ii 4500
020 ## - INTERNATIONAL STANDARD BOOK NUMBER
ISBN 0357623878
020 ## - INTERNATIONAL STANDARD BOOK NUMBER
ISBN 9780357623879
082 ## - DEWEY DECIMAL CLASSIFICATION NUMBER
Classification number 174.2
Item number P226 2023
100 1# - MAIN ENTRY--AUTHOR NAME
Personal name Pardew, Wendy Mia, author.
245 10 - TITLE STATEMENT
Title Applied law and ethics in health care / Wendy Mia Pardew.
260 ## - PUBLICATION, DISTRIBUTION, ETC. (IMPRINT)
Place of publication Boston :
Name of publisher Cengage,
Year of publication ©2023.
300 ## - PHYSICAL DESCRIPTION
Number of Pages xvi, 330 pages :
Other physical details color illustrations ; 24 cm.
500 ## - GENERAL NOTE
General note Includes bibliographical references (pages 311-317) and index.
505 00 - FORMATTED CONTENTS NOTE
Formatted contents note Preface -- Acknowledgments -- The big business of health care and you -- Laws and regulations you will encounter -- From the constitution to the courtroom -- Criminal acts and intentional torts -- What makes a contract -- Medical malpractice and other lawsuits -- The health record -- Introduction to ethics -- Laws and ethics of patient confidentiality -- Professional ethics and the living -- Reproductive issues and early life -- Death and dying -- Glossary -- Bibliography -- Index.
520 ## - SUMMARY, ETC.
Summary, etc Up to date with current information on the latest health care regulations and technology, APPLIED LAW AND ETHICS IN HEALTH CARE, First Edition, prepares future health care professionals to navigate the legal and ethical dilemmas they may face in medical environments. Beginning with an overview of business-related issues and the court system, the text proceeds to cover the standard of care, employment, criminal and tortious acts, contractual issues, negligence, medical malpractice and other important matters of law. The second half of the text delves into the ethical concerns present in medical practices, including patient confidentiality, health records, professional ethics and issues associated with patient births and deaths. A practical resource for both novices and seasoned professionals, the text features real-life cases and news stories to ground readers in relevant laws and ethical issues, along with activities to hone their own critical-thinking and decision-making skills. This thoughtful, thorough guide helps readers understand their legal and ethical obligations, when to seek legal advice, how to work with the legal profession and how to protect themselves and their future employers from medical malpractice and other legal risks.
650 #0 - SUBJECT ADDED ENTRY--TOPICAL TERM
Topical Term Medical ethics.
650 #0 - SUBJECT ADDED ENTRY--TOPICAL TERM
Topical Term Medical laws and legislation.
942 ## - ADDED ENTRY ELEMENTS (KOHA)
Koha item type Books
Holdings
Source of acquisition Permanent Location Date acquired Koha item type Collection code Accession Number Lost status Shelving location Withdrawn status Current Location Full call number
SchoolCagayan State University - Carig Library2025-04-02BooksNursingN000156 Nursing Library Cagayan State University - Carig Library174.2 P226 2023
SchoolCagayan State University - Carig Library2025-04-02BooksNursingN000157 Nursing Library Cagayan State University - Carig Library174.2 P226 2023
SchoolCagayan State University - Carig Library2025-04-02BooksNursingN000158 Nursing Library Cagayan State University - Carig Library174.2 P226 2023
SchoolCagayan State University - Carig Library2025-04-02BooksNursingN000159 Nursing Library Cagayan State University - Carig Library174.2 P226 2023
SchoolCagayan State University - Carig Library2025-04-02BooksNursingN000160 Nursing Library Cagayan State University - Carig Library174.2 P226 2023

Cagayan State University University Library, Carig Campus
Tuguegarao City, Cagayan 3500 | www.csucarig.edu.ph

Powered by Koha